000
00294nam a22001337a 4500
008
181219b xxu||||| |||| 00| 0 eng d
020
_a
9780821223383
041
_a
eng
080
_a
710
100
_a
42
101
_a
ART
245
_a
Landscapes Of The Spirit
_c
Willam.N
942
_2
udc
_c
BK
999
_c
53488
_d
53488